000 00275nam a2200121Ia 4500
005 20251222153538.0
008 251222s9999||||xx |||||||||||||| ||spa||
082 _a305.963/C46
245 0 _aComunidades Campesinas:
250 _a1ra. ed.
264 _bCONCYTEC
942 _cLIB
999 _c30356
_d30356